Cm̤o investiga el Ministerio Pb︢lico los hechos de corrupcin̤

Detalles Bibliográficos
Autor principal: Esparza Martn̕ez, Bernardino
Otros Autores: Silva Carreras, Alejandra
Formato: eBook
Lenguaje:español
Publicado: Ciudad de Mx̌ico: Instituto de ciencias penales de Mx̌ico (INACIPE), 2018
Materias:
Acceso en línea:Acceso restringido

MARC

LEADER 00000nam a22000007a 4500
005 2019090408448.0
007 cr|||| ||||
008 190904s2018 mx |||||s|||| 00||0 spa d
020 |a 978-607-8551-16-3 
035 |a 24737 
040 |a vLex 
090 |c 9397  |d 9397 
100 1 |a Esparza Martn̕ez, Bernardino 
245 1 0 |a Cm̤o investiga el Ministerio Pb︢lico los hechos de corrupcin̤  |h [Recurso electrn̤ico] /  |c Bernardino Esparza Martn̕ez, Alejandra Silva Carreras 
256 |a Servicio en ln̕ea 
260 |a Ciudad de Mx̌ico:  |b Instituto de ciencias penales de Mx̌ico (INACIPE),  |c 2018 
300 |a 1 recurso electrn̤ico 
500 |a Propuesta de protocolo de actuacin̤. 
506 1 |a Disponible solo en los productos indicados  |d vLex Global  |d vLex Global (Academic Edition, excluding Law Schools)  |d vLex Global (U.S. Academic Edition, Law Schools)  |d vLex Global (U.S. Academic Edition, excluding Law Schools)  |d vLex Global (Academic Edition, Law Schools) 
650 0 4 |a Derecho Penal  |z Mx̌ico 
700 1 |a Silva Carreras, Alejandra 
740 0 |a vLex Libros (Servicio en ln̕ea) 
856 4 0 |u http://vlex.com/source/como-investiga-ministerio-publico-hechos-corrupcion-24737  |z Acceso restringido 
942 |c BOOK 
999 0 |a Criminal law